| Registos Bibliográficos associados ao registo de autoridade |
|
Etiqueta de registo: 00000nkm 2200025 450 001 2271228 003 http://id.bnportugal.gov.pt/bib/catbnp/2271228 100 ## $a20260224d1992 m y0pory01030103ba 101 0# $apor 102 ## $aPT 200 1# $a1.ª Semana de Prevenção e Segurança na Floresta de Betão, Lisboa, 25 a 31 de outubro,
1 de novembro 1992$bVisual gráfico]$fAssociação Nacional de Bombeiros Profissionais 210 #9 $a[Lisboa]$cAssociação Nacional de Bombeiros Profissionais,$d1992 215 ## $a1 cartaz$ccolor.$d59,5x42 cm 317 ## $aColeção Madeira Luís 710 01 $aSemana de Prevenção e Segurança na Floresta de Betão,$d1,$eLisboa,$f1992$31993687 712 02 $aAssociação Nacional de Bombeiros Profissionais$399246 801 #0 $aPT$bBN$gRPC 966 ## $lBN$mICONOG$sCT. 22021 A.$x1 971 ## $cCaticonografia2$d20260224 995 ## $aPRR2026 $d20260224$iCaticonografia2
|
|
|